[Event "Women's Speed Chess Q5"]
[Site "chess.com INT"]
[Date "2020.06.22"]
[Round "4"]
[White "Priyanka, K"]
[Black "Narva, Mai"]
[Result "0-1"]
[WhiteTitle "WIM"]
[BlackTitle "WIM"]
[WhiteElo "2218"]
[BlackElo "2333"]
[WhiteFideId "5082986"]
[BlackFideId "4500512"]
[EventDate "2020.06.22"]

1. e4 c5 2. Nf3 e6 3. d4 cxd4 4. Nxd4 Nc6 5. Nc3 Qc7 6. Be3 a6 7. Be2 Nf6 8. O-O
Bb4 9. Na4 O-O 10. Nxc6 bxc6 11. Qd4 Rb8 12. e5 Nd5 13. c4 Nxe3 14. Qxe3 Be7 15.
Bd3 f6 16. exf6 Bxf6 17. Qe4 g6 18. Rad1 d5 19. cxd5 cxd5 20. Qe2 Bd7 21. Rc1
Qd6 22. Nc3 Kg7 23. b3 a5 24. Rfd1 Qf4 25. g3 Qb4 26. Nb1 e5 27. Rc7 Rf7 28. Nc3
Be6 29. Rxf7+ Bxf7 30. Nb5 e4 31. Bxe4 dxe4 32. Nd6 a4 33. Nxe4 Re8 34. Re1 axb3
35. axb3 Bd5 36. f3 Bxe4 37. fxe4 Qxb3 38. Kg2 Rc8 39. Qf3 Rc2+ 40. Re2 Qxf3+
41. Kxf3 Rxe2 42. Kxe2 Kf7 43. Kf3 Ke6 44. Kf4 Be7 45. g4 Bd6+ 46. Kg5 Bxh2 47.
Kh6 Kf6 48. Kxh7 Kg5 49. Kg7 Be5+ 50. Kf7 Bc3 51. Ke6 Kxg4 52. e5 Kf4 53. Kf6 g5
54. Kg6 Bxe5 0-1

[Event "Women's Speed Chess Q5"]
[Site "chess.com INT"]
[Date "2020.06.22"]
[Round "4"]
[White "Tsotsonava, Elene"]
[Black "Janzelj, Lara"]
[Result "0-1"]
[WhiteTitle "WFM"]
[BlackTitle "WIM"]
[WhiteElo "2012"]
[BlackElo "2210"]
[WhiteFideId "13615939"]
[BlackFideId "14608391"]
[EventDate "2020.06.22"]

1. e4 d6 2. d4 Nf6 3. Nc3 e5 4. Nf3 Nbd7 5. Bc4 Be7 6. O-O O-O 7. h3 c6 8. a4 a5
9. Re1 Nb6 10. Bb3 Nfd7 11. Be3 exd4 12. Nxd4 Nc5 13. Qf3 Nxb3 14. cxb3 Nd7 15.
Nf5 Ne5 16. Nxe7+ Qxe7 17. Qg3 Be6 18. f4 Nd7 19. Bd4 f6 20. e5 dxe5 21. fxe5
fxe5 22. Bxe5 Qc5+ 23. Kh1 Rf7 24. Bd6 Qf5 25. Rf1 Qxf1+ 26. Rxf1 Rxf1+ 27. Kh2
Bf7 28. Ne4 Re8 29. Ng5 Bg6 30. Qg4 Nb6 31. Bc5 Nd5 32. Ne6 Nf6 33. Qc4 Bf7 34.
Qxf1 Bxe6 35. Qf3 Bd5 36. Qg3 Re2 37. Bd4 Rxg2+ 38. Qxg2 Bxg2 39. Kxg2 Ne4 40.
Bb6 Nd2 41. Bxa5 Nxb3 42. Bc3 g6 43. Kf3 Kf7 44. a5 Ke6 45. Ke4 Nc5+ 46. Kd4 Nd7
47. Ke4 Nf6+ 48. Kf3 Nd5 49. Bd4 Kf5 50. Kg3 h5 51. Kf3 Nf4 52. Be3 Nxh3 53. Kg3
Ng5 54. b4 Ne4+ 55. Kf3 h4 56. Bg1 g5 57. Bh2 g4+ 58. Ke3 g3 59. Bg1 h3 60. Kf3
h2 0-1

[Event "Women's Speed Chess Q5"]
[Site "chess.com INT"]
[Date "2020.06.22"]
[Round "4"]
[White "Tarini, Goyal"]
[Black "Sliwicka, Alicja"]
[Result "1-0"]
[WhiteTitle "WFM"]
[BlackTitle "WIM"]
[WhiteElo "2164"]
[BlackElo "2317"]
[WhiteFideId "5082749"]
[BlackFideId "1150677"]
[EventDate "2020.06.22"]

1. d4 Nf6 2. c4 c5 3. d5 b5 4. cxb5 a6 5. e3 e6 6. Nc3 Bb7 7. e4 exd5 8. exd5 d6
9. Nf3 Be7 10. Be2 O-O 11. O-O axb5 12. Bxb5 Na6 13. a3 Nc7 14. Bc4 Ba6 15. b3
Nd7 16. Bb2 Bf6 17. Na4 Bb5 18. Bxb5 Nxb5 19. Qd3 Rb8 20. Bxf6 Qxf6 21. b4 Ra8
22. Qxb5 Qf5 23. Nc3 Rab8 24. Qc4 cxb4 25. axb4 Nf6 26. Nb5 Rfc8 27. Nxd6 Rxc4
28. Nxf5 Rcxb4 29. Ne3 Rd8 30. Rad1 Rb6 31. Ne5 Rbd6 32. N5c4 R6d7 33. d6 Ne4
34. f3 Nxd6 35. Nxd6 Rxd6 36. Rxd6 Rxd6 37. Rd1 Rxd1+ 38. Nxd1 g6 39. Kf2 h5 40.
Ke3 Kg7 41. Kf4 f6 42. Nc3 Kf7 43. h4 Ke6 44. Ne4 Kf7 45. Nc5 Ke7 46. Ke4 Kd6
47. Nd3 Ke6 48. g3 Kf7 49. Kd5 Ke7 50. Nf4 Kf7 51. Kd6 Kg7 52. Ke6 g5 53. Nxh5+
Kg6 54. Nxf6 gxh4 55. gxh4 Kh6 56. h5 Kg5 57. Kf7 Kh6 58. Ke6 Kg5 59. Ke5 Kh6
60. f4 Kg7 61. Ke4 Kh6 62. Kf5 Kg7 63. Ne4 Kh6 64. Kg4 Kg7 65. f5 Kh6 66. f6 Kh7
67. Kf5 Kg8 68. Ke6 Kf8 69. f7 Kg7 70. Ke7 Kh7 71. Nf6+ 1-0

[Event "Women's Speed Chess Q5"]
[Site "chess.com INT"]
[Date "2020.06.22"]
[Round "4"]
[White "Osmak, Iulija"]
[Black "Nurmanova, Alua"]
[Result "1-0"]
[WhiteTitle "IM"]
[BlackTitle "WFM"]
[WhiteElo "2438"]
[BlackElo "2026"]
[WhiteFideId "14101602"]
[BlackFideId "13729390"]
[EventDate "2020.06.22"]

1. d4 Nf6 2. c4 g6 3. Nc3 Bg7 4. e4 d6 5. f4 c5 6. d5 e6 7. dxe6 Bxe6 8. Nf3 Nc6
9. Bd3 Bg4 10. O-O O-O 11. Be3 Re8 12. h3 Bxf3 13. Qxf3 a6 14. Rad1 Rb8 15. Qf2
Qc7 16. e5 dxe5 17. Bxc5 exf4 18. Bc2 Rbc8 19. Bd6 Qa5 20. Bxf4 Ne5 21. Bg5 Re6
22. Bb3 h6 23. Bh4 g5 24. Bg3 Ng6 25. c5 Rec6 26. Nd5 Rf8 27. Bd6 Ne4 28. Qf5
Nxd6 29. cxd6 Qc5+ 30. Kh1 Qxd6 31. Ne3 Qe5 32. Bxf7+ Kh7 33. Bxg6+ Rxg6 34.
Qxe5 Rxf1+ 35. Rxf1 Bxe5 36. Rf7+ Rg7 37. Rf2 Rd7 38. g4 Kg6 39. Kg2 Bf4 40. Nf5
b5 41. Rc2 h5 42. b3 hxg4 43. hxg4 Rc7 44. Re2 Rc3 45. Re6+ Kf7 46. Rxa6 Rc2+
47. Kf3 Rc3+ 48. Ke4 Rc1 49. Ra7+ Ke6 50. Ra6+ Kd7 51. Kd5 Rd1+ 52. Kc5 Bc7 53.
Kxb5 Rc1 54. b4 Rg1 55. a4 Rxg4 56. Rg6 1-0

[Event "Women's Speed Chess Q5"]
[Site "chess.com INT"]
[Date "2020.06.22"]
[Round "4"]
[White "Huda, Maryana"]
[Black "Injac, Teodora"]
[Result "0-1"]
[WhiteTitle "WGM"]
[BlackTitle "WIM"]
[WhiteElo "2128"]
[BlackElo "2286"]
[WhiteFideId "14116553"]
[BlackFideId "932400"]
[EventDate "2020.06.22"]

1. e4 e6 2. d4 d5 3. Nd2 c5 4. exd5 exd5 5. Ngf3 a6 6. Be2 Nc6 7. O-O Nf6 8. Re1
Be6 9. Nf1 Be7 10. c3 c4 11. Ng5 Bf5 12. Ng3 Bg6 13. Nh3 O-O 14. a4 h6 15. Nf4
Bh7 16. Bf3 Re8 17. Nfh5 Qa5 18. Rxe7 Rxe7 19. Nxf6+ gxf6 20. Nh5 Re6 21. Bxh6
Rae8 22. Be3 Ne7 23. Nf4 Nf5 24. Nxd5 Nxe3 25. fxe3 Qd8 26. Qe1 Bg6 27. Qg3 Kg7
28. Nc7 Rxe3 29. Nxe8+ Qxe8 30. Rf1 b5 31. Qf4 Re1 32. h4 Rxf1+ 33. Kxf1 Bd3+
34. Kf2 Qe6 35. h5 Kf8 36. h6 Ke7 37. d5 Qe5 38. Qxe5+ fxe5 39. Ke3 Bg6 40. Be4
f5 41. Bc2 Kd6 42. axb5 axb5 43. g4 f4+ 44. Kd2 e4 45. g5 Kxd5 46. Ke1 Ke5 47.
Kf2 Kf5 48. b3 Kxg5 49. bxc4 bxc4 50. Ba4 Kxh6 51. Bb5 Bf7 52. Bc6 e3+ 53. Kf3
Kg5 54. Bb5 Kf5 55. Bd7+ Ke5 56. Bb5 Bd5+ 57. Ke2 Ke4 58. Be8 f3+ 59. Ke1 Kd3
60. Bg6+ Be4 61. Bf7 f2+ 62. Kf1 Kxc3 63. Bh5 Bd3+ 64. Be2 Bxe2+ 65. Kxe2 Kc2
66. Kf1 Kd2 0-1

[Event "Women's Speed Chess Q5"]
[Site "chess.com INT"]
[Date "2020.06.22"]
[Round "4"]
[White "Golubeva, Oksana"]
[Black "Kairbekova, Amina"]
[Result "1/2-1/2"]
[WhiteTitle "WFM"]
[BlackTitle "WFM"]
[WhiteElo "2179"]
[BlackElo "2065"]
[WhiteFideId "4170164"]
[BlackFideId "13712799"]
[EventDate "2020.06.22"]

1. Nf3 d5 2. e3 Nf6 3. c4 c5 4. cxd5 Nxd5 5. Nc3 e6 6. b3 Nc6 7. Bb2 b6 8. Be2
Bb7 9. O-O Qd7 10. Rc1 f6 11. Bc4 Be7 12. d4 Rd8 13. dxc5 Bxc5 14. e4 Nxc3 15.
Bxc3 Qxd1 16. Rfxd1 Ke7 17. e5 Nxe5 18. Nxe5 fxe5 19. Bxe5 Rhf8 20. Bg3 g5 21.
Re1 Bd5 22. h4 h6 23. hxg5 hxg5 24. Re5 Bxc4 25. bxc4 Rd2 26. Rce1 Bxf2+ 27.
Bxf2 Rfxf2 28. Rxg5 Rxa2 29. Re4 a5 30. Rg6 Rf6 31. Rg7+ Kd6 32. Rb7 Kc5 33.
Re5+ Kd4 34. Rg5 Kxc4 35. Rxb6 a4 36. Rg4+ Kd5 37. Ra6 Ra1+ 38. Kh2 Rh6+ 39. Kg3
Ke5 40. Ra5+ Kf6 41. Rgxa4 Rg6+ 42. Kf3 Rb1 43. Rf4+ Kg7 44. Ra3 e5 45. Rf5 Rb5
46. Ke4 Rxg2 47. Ra7+ Kh6 48. Rf8 Rb4+ 49. Kd5 Rd4+ 50. Ke6 Rdg4 51. Ra3 Kg5 52.
Raf3 Kh4 53. Kxe5 Kg5 54. Rg8+ Kh4 55. Rh8+ Kg5 56. Rf5+ Kg6 57. Rg8+ Kh7 58.
Rgf8 Re2+ 59. Kd5 Rd2+ 60. Ke5 Re2+ 61. Kd5 Rd2+ 62. Ke5 Re2+ 1/2-1/2

[Event "Women's Speed Chess Q5"]
[Site "chess.com INT"]
[Date "2020.06.22"]
[Round "4"]
[White "Dordzhieva, Dinara"]
[Black "Sviridova, Vlada"]
[Result "1-0"]
[WhiteTitle "WIM"]
[BlackTitle "WFM"]
[WhiteElo "2354"]
[BlackElo "2144"]
[WhiteFideId "24157570"]
[BlackFideId "24109606"]
[EventDate "2020.06.22"]

1. d4 d5 2. c4 c6 3. Nf3 Nf6 4. g3 dxc4 5. Bg2 e6 6. a4 Nbd7 7. O-O Bd6 8. Na3
O-O 9. Nxc4 Bc7 10. Qc2 a5 11. Rd1 Nb6 12. Nce5 Nbd5 13. Bd2 Nb4 14. Qb3 Qd5 15.
Nc4 Ne4 16. Bxb4 axb4 17. Qc2 Nf6 18. Nfe5 Qd8 19. b3 Bd7 20. Qd2 b5 21. axb5
Rxa1 22. Rxa1 cxb5 23. Ne3 Bd6 24. Nxd7 Qxd7 25. Nc2 Qe7 26. e4 e5 27. d5 h6 28.
Ne3 g6 29. Qd3 Qb7 30. Bf1 Rb8 31. Ra5 Qc7 32. Rxb5 Ra8 33. Nc4 Nd7 34. Nxd6
Qxd6 35. Qc4 Ra1 36. Qxb4 Qxb4 37. Rxb4 Kf8 38. Kg2 Ke7 39. Rb7 Kd6 40. Bb5 Nc5
41. Rxf7 Nxe4 42. Rd7+ Kc5 43. Bd3 Nf6 44. Re7 Nxd5 45. Rxe5 Kd6 46. Re8 Ra2 47.
Bxg6 Nf6 48. Re3 Ng4 49. Rd3+ Ke5 50. Rf3 Nf6 51. h3 Rb2 52. Bf7 Rb1 53. Bc4 Rb2
54. g4 Ne4 55. Rf5+ Kd4 56. Rf8 Ng5 57. Kg3 Ne4+ 58. Kh4 Nxf2 59. Rf4+ Kc5 60.
Bf7 Nd3 61. Rf6 Ne5 62. Bc4 Nxc4 63. bxc4 Kxc4 64. Rxh6 Rh2 65. Re6 Kd5 66. Re3
Kd4 67. Rg3 Ke5 68. Kh5 Kf6 69. g5+ Kg7 70. h4 Ra2 71. Rc3 Ra6 72. Rc7+ Kg8 73.
g6 Ra4 74. Kg5 Rb4 75. h5 Rb8 76. Kh6 1-0

[Event "Women's Speed Chess Q5"]
[Site "chess.com INT"]
[Date "2020.06.22"]
[Round "4"]
[White "Mamedjarova, Turkan"]
[Black "Shuvalova, Polina"]
[Result "1-0"]
[WhiteTitle "WGM"]
[BlackTitle "WGM"]
[WhiteElo "2309"]
[BlackElo "2454"]
[WhiteFideId "13402005"]
[BlackFideId "24171760"]
[EventDate "2020.06.22"]

1. d4 Nf6 2. c4 e6 3. Nc3 d5 4. Nf3 c5 5. dxc5 Bxc5 6. e3 O-O 7. cxd5 exd5 8.
Be2 Nc6 9. O-O Re8 10. a3 a5 11. Qa4 Bd7 12. Qh4 h6 13. Rd1 Be6 14. Nd4 Nxd4 15.
exd4 Bd6 16. Bf3 Rc8 17. Be3 Be7 18. Qg3 Bd6 19. Qh4 Bb8 20. Rac1 Ng4 21. Qxd8
Rcxd8 22. Bxg4 Bxg4 23. Re1 g5 24. Na4 Rc8 25. h3 Bf5 26. Nb6 Rcd8 27. Bd2 Rxe1+
28. Rxe1 Ba7 29. Bxa5 Rd6 30. Nc8 Bxc8 31. Re8+ Kg7 32. Rxc8 Bxd4 33. b3 Re6 34.
Kf1 Bf6 35. Bd2 Ra6 36. a4 d4 37. Rc7 Rb6 38. b4 Kg6 39. Ke2 Be5 40. Rd7 f6 41.
Kd3 Kf5 42. g3 h5 43. b5 Ke6 44. Rh7 g4 45. Rxh5 gxh3 46. Rxh3 Rd6 47. Rh7 b6
48. f4 Rd8 49. fxe5 fxe5 50. Rh6+ Kd5 51. Rxb6 e4+ 52. Ke2 Rh8 53. Bb4 Rh2+ 54.
Kf1 e3 55. Rc6 Rb2 56. Ba5 Ke4 57. b6 d3 58. Re6+ Kf3 59. Rf6+ Kxg3 60. Rg6+ Kf3
61. Rf6+ Ke4 62. Re6+ Kf4 63. Rf6+ Ke5 64. Bc3+ Ke4 65. Bxb2 e2+ 66. Ke1 Ke3 67.
Re6+ Kf3 68. Kd2 Kf2 69. Rf6+ Kg1 70. Re6 Kf1 71. Bd4 Kg2 72. Kxd3 Kf1 73. Rf6+
Kg2 74. Kxe2 Kh1 75. b7 Kg2 76. b8=Q Kh3 77. Qh8+ Kg2 78. Qg7+ Kh3 79. Rh6# 1-0

[Event "Women's Speed Chess Q5"]
[Site "chess.com INT"]
[Date "2020.06.22"]
[Round "4"]
[White "Vaishali, R"]
[Black "Peycheva, Gergana"]
[Result "1-0"]
[WhiteTitle "WGM"]
[BlackTitle "FM"]
[WhiteElo "2393"]
[BlackElo "2255"]
[WhiteFideId "5091756"]
[BlackFideId "2916711"]
[EventDate "2020.06.22"]

1. d4 Nf6 2. Nf3 e6 3. Bf4 d6 4. Nbd2 Nbd7 5. e4 g6 6. Bd3 Bg7 7. Qe2 O-O 8.
O-O-O Qe7 9. h4 e5 10. dxe5 dxe5 11. Be3 Ng4 12. h5 Nxe3 13. Qxe3 Nf6 14. hxg6
hxg6 15. Qg5 Re8 16. Qh4 Nh5 17. Qh2 Bg4 18. Bc4 c6 19. Qh4 Qxh4 20. Rxh4 Be6
21. Bxe6 Rxe6 22. Nc4 Ree8 23. g3 b5 24. Na5 Rad8 25. Rhh1 Rxd1+ 26. Rxd1 Nf6
27. Re1 Ng4 28. Rf1 Re6 29. c3 Rd6 30. Kc2 Kf8 31. Nd2 Ke7 32. Nb7 Rf6 33. Na5
Kd6 34. Kd1 Nxf2+ 35. Ke2 Ng4 36. Rd1 Kc7 37. Nf3 Rd6 38. Rxd6 Kxd6 39. Ng5 f5
40. Nf3 fxe4 41. Nd2 Nf6 42. a4 Bh6 43. axb5 cxb5 44. Ndb3 a6 45. Nb7+ Kc6 46.
N7c5 Bg5 47. Nxa6 Nd5 48. Nb4+ Nxb4 49. cxb4 e3 50. Nc5 Kd5 51. Nd7 Be7 52. Nb8
Bxb4 53. Kxe3 Bc5+ 54. Kd3 Bd4 55. b3 g5 56. Ke2 g4 57. Nd7 e4 58. Nf8 Ke5 59.
Ng6+ Kf5 60. Nh4+ Kg5 61. Ng2 Be5 62. Kf2 Bd4+ 63. Ke2 Bc5 64. Nf4 Kf5 65. Nd5
Bd6 66. Kf2 Ke5 67. Ne3 Kd4 68. Nxg4 Kc3 69. Nf6 Bc5+ 70. Ke2 e3 71. Ne4+ Kd4
72. Nxc5 Kxc5 73. Kxe3 Kb4 74. g4 Kxb3 75. g5 Kc2 76. g6 b4 77. g7 b3 78. g8=Q
b2 79. Qc4+ Kb1 80. Kd2 Ka1 81. Qa4+ Kb1 82. Kc3 Kc1 83. Qc2# 1-0

[Event "Women's Speed Chess Q5"]
[Site "chess.com INT"]
[Date "2020.06.22"]
[Round "4"]
[White "Vantika, Agrawal"]
[Black "Ismayil, Malak"]
[Result "1-0"]
[WhiteTitle "WIM"]
[BlackTitle "WCM"]
[WhiteElo "2286"]
[BlackElo "1997"]
[WhiteFideId "25050389"]
[BlackFideId "13412604"]
[EventDate "2020.06.22"]

1. d4 Nf6 2. c4 e6 3. g3 Bb4+ 4. Nd2 O-O 5. Bg2 Nc6 6. Nf3 d6 7. O-O Bxd2 8.
Qxd2 e5 9. d5 Nb8 10. b3 a5 11. Bb2 Na6 12. Nh4 Nc5 13. Rae1 Nfe4 14. Qc2 f5 15.
a3 Ng5 16. b4 Na6 17. Bc3 f4 18. c5 Bg4 19. c6 bxc6 20. dxc6 Rb8 21. Qb3+ Kh8
22. Qc4 Ra8 23. b5 Nc5 24. Bxe5 dxe5 25. Qxc5 Qf6 26. b6 cxb6 27. Qxb6 Rac8 28.
Qxa5 Bh3 29. f3 Rxc6 30. Rc1 Ra6 31. Qb4 Bxg2 32. Kxg2 fxg3 33. hxg3 Rb6 34. Qc5
Ra6 35. Rc3 Ne6 36. Qc4 Raa8 37. e4 Nd4 38. Nf5 Nxf5 39. exf5 Qxf5 40. a4 Rfc8
41. Qb3 Rxc3 42. Qxc3 Rxa4 43. Rf2 h6 44. Qc7 Ra8 45. Qb7 Rf8 46. Qc6 Qg5 47.
Qe4 Rf6 48. Re2 Rg6 49. g4 Re6 50. Qd5 Re7 51. Qd6 Qf6 52. Qd5 Qf4 53. Qa8+ Kh7
54. Qd8 Qf6 55. Qd3+ Qg6 56. Qd5 Qf6 57. Qe4+ g6 58. Rc2 Kg7 59. Rc6 Re6 60.
Rc7+ Re7 61. Rc8 Qg5 62. Qa8 Qd2+ 63. Kh3 Kf6 64. Rf8+ Rf7 65. Qc6+ Kg7 66. Re8
Qf4 67. Kg2 Qd2+ 68. Kg3 Qf4+ 69. Kg2 Qg5 70. Qe4 h5 71. Rxe5 Qh4 72. gxh5 gxh5
73. Qxh4 1-0

[Event "Women's Speed Chess Q5"]
[Site "chess.com INT"]
[Date "2020.06.22"]
[Round "4"]
[White "Grigoryan, Meri"]
[Black "Haussernot, Cecile"]
[Result "0-1"]
[WhiteTitle "WFM"]
[BlackTitle "WIM"]
[WhiteElo "2044"]
[BlackElo "2171"]
[WhiteFideId "13300571"]
[BlackFideId "601632"]
[EventDate "2020.06.22"]

1. d4 Nf6 2. Nf3 e6 3. Bg5 Be7 4. e3 O-O 5. Bd3 c5 6. c3 b6 7. O-O Bb7 8. Re1 d5
9. Nbd2 Ne4 10. Bf4 Nd7 11. Rc1 Ndf6 12. Bb1 Bd6 13. Bxd6 Qxd6 14. Ne5 Nxd2 15.
Qxd2 Nd7 16. Nxd7 Qxd7 17. dxc5 bxc5 18. Qd3 f5 19. Rcd1 Rf6 20. c4 Rg6 21. cxd5
Bxd5 22. e4 fxe4 23. Rxe4 Qb7 24. b3 Rf8 25. Qe2 Bxe4 26. Bxe4 Qf7 27. Bxg6 Qxg6
28. g3 Qf5 29. Re1 Re8 30. f4 Qd5 31. Qe5 Qd2 32. Re2 Qd1+ 33. Kg2 Kh8 34. Kf2
Qh1 35. Ke3 Qg1+ 36. Kf3 Qh1+ 37. Ke3 Qg1+ 38. Kf3 Rd8 39. Qxe6 Qf1+ 40. Kg4 Qd1
41. Kh4 Rf8 42. Qe7 Rg8 43. Qe3 Qd7 44. Qe6 Qd4 45. Qe4 g5+ 46. fxg5 Qd8 47.
Qe5+ Rg7 48. Qe8+ Rg8 49. Qxd8 Rxd8 50. Rc2 Rd4+ 51. Kh5 Rd5 52. h4 Kg7 53. Rf2
a5 54. Kg4 Rd4+ 55. Kf5 c4 56. bxc4 Rxc4 57. h5 a4 58. h6+ Kf7 59. Ke5+ Kg6 60.
Rf6+ Kxg5 61. Rf5+ Kxh6 62. Rf4 Rc2 63. Rh4+ Kg5 64. Rxa4 Re2+ 65. Kd4 h5 66.
Ra3 Rg2 67. Rf3 Kg4 68. Re3 Rxg3 69. Re4+ Kf3 70. Re3+ Kg2 71. Re4 Rg4 72. a4
Rxe4+ 73. Kxe4 h4 74. a5 h3 75. a6 h2 76. a7 h1=Q 77. a8=Q Kg1+ 78. Ke3 Qxa8 0-1

[Event "Women's Speed Chess Q5"]
[Site "chess.com INT"]
[Date "2020.06.22"]
[Round "4"]
[White "Koridze, Lile"]
[Black "Buksa, Nataliya"]
[Result "0-1"]
[WhiteTitle "WFM"]
[BlackTitle "IM"]
[WhiteElo "1996"]
[BlackElo "2410"]
[WhiteFideId "13612514"]
[BlackFideId "14123622"]
[EventDate "2020.06.22"]

1. d4 d5 2. c4 e6 3. g3 Nf6 4. Bg2 Bb4+ 5. Bd2 Be7 6. Bf3 O-O 7. Qc2 dxc4 8.
Qxc4 c6 9. Bg2 b5 10. Qc3 Bb7 11. Nf3 Qb6 12. O-O Nbd7 13. Qc2 c5 14. dxc5 Bxc5
15. Nc3 Rac8 16. a3 a5 17. Qb1 b4 18. Na4 Qb5 19. Nxc5 Nxc5 20. axb4 axb4 21.
Qe1 Nb3 22. Rd1 Nxd2 23. Qxd2 h6 24. Nd4 Qb6 25. Bxb7 Qxb7 26. Rc1 Rfd8 27. Rxc8
Rxc8 28. Rc1 Rxc1+ 29. Qxc1 Qd5 30. Qc8+ Kh7 31. Qc2+ g6 32. Nf3 Kg7 33. Qc1 e5
34. Qe3 Ng4 35. Qc1 e4 36. Ne1 Qh5 37. h4 Qf5 38. f3 exf3 39. exf3 Nf6 40. Qd2
Qe5 41. Kg2 Nd5 42. Nd3 Qd4 43. Qe2 Ne3+ 44. Kh2 b3 45. Nf4 Nf5 46. Nd3 Nd6 47.
Qe5+ Qxe5 48. Nxe5 Nf5 49. Nc6 Kf6 50. Na5 Nd4 51. Nc4 Nxf3+ 52. Kg2 Nd4 53. Kf2
Ke6 54. Ke3 Nf5+ 55. Kf4 Nd4 56. Ke3 Nc6 57. Kd3 Ne5+ 58. Nxe5 Kxe5 59. Kc3 f5
60. Kxb3 g5 61. hxg5 hxg5 62. Kc3 f4 63. Kd3 f3 64. Ke3 g4 65. Kf2 Kd5 66. Ke3
Kc4 67. Kf2 Kb3 68. Ke3 Kxb2 69. Kf2 Kc2 70. Ke3 Kd1 71. Kf2 Kd2 72. Kf1 Ke3 73.
Kg1 f2+ 74. Kf1 Kd3 75. Kxf2 Kd2 76. Kf1 Ke3 77. Kg2 Ke2 78. Kg1 Kf3 79. Kf1
Kxg3 80. Kg1 Kh3 81. Kh1 g3 82. Kg1 g2 83. Kf2 Kh2 0-1

[Event "Women's Speed Chess Q5"]
[Site "chess.com INT"]
[Date "2020.06.22"]
[Round "4"]
[White "Linares Napoles, Oleiny"]
[Black "Mohota, Nisha"]
[Result "1-0"]
[WhiteTitle "WGM"]
[BlackTitle "IM"]
[WhiteElo "2215"]
[BlackElo "2195"]
[WhiteFideId "3504794"]
[BlackFideId "5004330"]
[EventDate "2020.06.22"]

1. c4 e5 2. Nc3 Nf6 3. g3 d5 4. cxd5 Nxd5 5. Bg2 Nb6 6. Nf3 Nc6 7. O-O Be7 8. a3
O-O 9. b4 Be6 10. Rb1 a6 11. d3 f5 12. Bb2 Bf6 13. Nd2 Qe8 14. Na4 Nxa4 15. Qxa4
Qh5 16. Qd1 Rab8 17. Rc1 Nd4 18. Bxd4 exd4 19. Rxc7 Rf7 20. Bf3 Qh6 21. Rxf7
Kxf7 22. Qc2 Rc8 23. Qb2 Rc7 24. Nb3 g5 25. Nc5 g4 26. Bg2 Bc8 27. Qb3+ Kg7 28.
Qd5 Bg5 29. Qxd4+ Qf6 30. Qxf6+ Kxf6 31. e3 b6 32. Nb3 Rc3 33. Nc1 Rxa3 34. Rd1
Ke6 35. d4 Be7 36. Nd3 Bf8 37. d5+ Kd7 38. Bf1 Bd6 39. h3 a5 40. hxg4 axb4 41.
gxf5 b3 42. Rb1 Ra2 43. Rxb3 Ra1 44. Kg2 Ba6 45. e4 Bxd3 46. Bxd3 Be5 47. Rxb6
Rd1 48. Rb3 Kd6 49. f4 Rd2+ 50. Kf3 Bd4 51. Bc4 h5 52. e5+ Kc5 53. Be2 Ra2 54.
d6 Ra1 55. f6 Re1 56. Rd3 Kd5 57. Rxd4+ Kxd4 58. d7 Rh1 59. d8=Q+ Kc3 60. Qc7+
Kd2 61. Qd6+ Kc3 62. Qc5+ Kb3 63. Bc4+ Kb2 64. Qb4+ Kc2 65. Qb3+ Kc1 66. Qc3+
Kb1 67. Bd3+ Ka2 68. Qc4+ Ka3 69. Qc3+ Ka4 70. Bc2+ Kb5 71. Qb3+ Kc5 72. Be4 Kd4
73. Qd3+ Kc5 74. Qc2+ Kd4 75. Qd2+ Kc5 76. Ke2 Rh2+ 77. Kd3 Rxd2+ 78. Kxd2 Kd4
79. f7 Kxe4 80. f8=Q Kf3 81. Qh6 Kxg3 82. Qxh5 Kxf4 83. e6 Ke4 84. e7 Kd4 85.
e8=Q Kc4 86. Qg4+ Kb3 87. Qe3+ Kb2 88. Qb4+ Ka2 89. Qeb3+ Ka1 90. Q3a3# 1-0

[Event "Women's Speed Chess Q5"]
[Site "chess.com INT"]
[Date "2020.06.22"]
[Round "5"]
[White "Dordzhieva, Dinara"]
[Black "Narva, Regina"]
[Result "1-0"]
[WhiteTitle "WIM"]
[BlackTitle "WFM"]
[WhiteElo "2354"]
[BlackElo "1905"]
[WhiteFideId "24157570"]
[BlackFideId "4500237"]
[EventDate "2020.06.22"]

1. d4 Nf6 2. c4 g6 3. Nf3 Bg7 4. g3 d6 5. Bg2 O-O 6. Nc3 c6 7. O-O Na6 8. e4 Nc7
9. h3 Rb8 10. Be3 b6 11. Qc2 b5 12. cxb5 cxb5 13. d5 b4 14. Ne2 Nb5 15. Nfd4 Ba6
16. Nc6 Qd7 17. Nxb8 Rxb8 18. Rfc1 Rc8 19. Qa4 Rxc1+ 20. Rxc1 Nc7 21. Qxd7 1-0

[Event "Women's Speed Chess Q5"]
[Site "chess.com INT"]
[Date "2020.06.22"]
[Round "5"]
[White "Hernandez Bonilla, Amelia"]
[Black "Sharmin, Samiha Shimmi"]
[Result "1-0"]
[WhiteTitle "WFM"]
[BlackTitle "WCM"]
[WhiteElo "2016"]
[BlackElo "1812"]
[WhiteFideId "3900193"]
[BlackFideId "10203087"]
[EventDate "2020.06.22"]

1. d4 d5 2. Nf3 e6 3. e3 c5 4. c3 Nf6 5. Bd3 Nc6 6. Nbd2 c4 7. Bc2 Be7 8. Ne5
Bd7 9. f4 O-O 10. O-O b5 11. Qf3 b4 12. g4 bxc3 13. bxc3 Ne8 14. g5 f6 15. Bxh7+
Kxh7 16. Qh5+ Kg8 17. g6 1-0

[Event "Women's Speed Chess Q5"]
[Site "chess.com INT"]
[Date "2020.06.22"]
[Round "5"]
[White "Martsynovskaya, Marina"]
[Black "Mahalakshmi, M"]
[Result "1-0"]
[WhiteTitle "WIM"]
[BlackTitle "WIM"]
[WhiteElo "2046"]
[BlackElo "2253"]
[WhiteFideId "609218"]
[BlackFideId "5001080"]
[EventDate "2020.06.22"]

1. e4 c6 2. Nc3 d5 3. d4 dxe4 4. Nxe4 Nf6 5. Nxf6+ exf6 6. Be2 Bd6 7. Nf3 O-O 8.
O-O Bf5 9. Nh4 Bg6 10. Nxg6 hxg6 11. Bc4 Nd7 12. Qg4 Nb6 13. Bb3 Qc7 14. h3 a5
15. a4 Nd5 16. c4 Nb4 17. c5 Be7 18. Qxg6 Rad8 19. Bh6 1-0

[Event "Women's Speed Chess Q5"]
[Site "chess.com INT"]
[Date "2020.06.22"]
[Round "5"]
[White "Kazarian, Anna-Maja"]
[Black "Nikulina, Alena"]
[Result "1-0"]
[WhiteTitle "FM"]
[BlackTitle "WFM"]
[WhiteElo "2096"]
[BlackElo "1887"]
[WhiteFideId "1033689"]
[BlackFideId "4172051"]
[EventDate "2020.06.22"]

1. e4 c5 2. Nf3 d6 3. d4 cxd4 4. Nxd4 Nf6 5. Nc3 a6 6. Be3 Ng4 7. Bc1 Nf6 8. f3
e5 9. Nb3 Be6 10. Be3 Be7 11. Qd2 Nbd7 12. O-O-O Rc8 13. g4 Nb6 14. g5 Nfd7 15.
Na5 Qc7 16. Kb1 Nc4 17. Nxc4 Bxc4 18. Bxc4 Qxc4 19. Nd5 Rc6 20. b3 Qb5 21. a4 1-0

[Event "Women's Speed Chess Q5"]
[Site "chess.com INT"]
[Date "2020.06.22"]
[Round "5"]
[White "Janzelj, Lara"]
[Black "Vijayalakshmi, Subbaraman"]
[Result "0-1"]
[WhiteTitle "WIM"]
[BlackTitle "IM"]
[WhiteElo "2210"]
[BlackElo "2332"]
[WhiteFideId "14608391"]
[BlackFideId "5004098"]
[EventDate "2020.06.22"]

1. c4 g6 2. d4 Bg7 3. e4 d6 4. Be2 Nd7 5. Nf3 e5 6. O-O Ne7 7. Nc3 O-O 8. Rb1 f5
9. dxe5 Nxe5 10. exf5 Bxf5 11. Ra1 Kh8 12. Bg5 Qd7 13. Qd2 N7c6 14. Nd5 Rae8 15.
Rac1 Nxf3+ 16. Bxf3 Nd4 17. Bd1 Be6 18. Bh6 Nf5 19. Bxg7+ Qxg7 20. Nf4 Bg8 21.
Bf3 Nd4 22. Bxb7 Rxf4 23. Rfe1 Rxe1+ 24. Rxe1 Rf8 25. b4 Bxc4 0-1

[Event "Women's Speed Chess Q5"]
[Site "chess.com INT"]
[Date "2020.06.22"]
[Round "5"]
[White "Zvereva, Margarita"]
[Black "Starosta, Martyna"]
[Result "0-1"]
[WhiteTitle "WFM"]
[BlackTitle "WCM"]
[WhiteElo "1929"]
[BlackElo "2079"]
[WhiteFideId "34177741"]
[BlackFideId "21818754"]
[EventDate "2020.06.22"]

1. d4 Nf6 2. Nf3 g6 3. Bd2 Bg7 4. c3 O-O 5. e3 d6 6. Bd3 Nbd7 7. O-O e5 8. dxe5
dxe5 9. Bc2 e4 10. Nd4 c5 11. Nb3 b6 12. c4 Ne5 13. Na3 Be6 14. Qe2 Bg4 15. Qe1
Qd7 16. Bc3 Nf3+ 17. gxf3 Bxf3 18. Be5 Qh3 0-1